О новом межгосударственном стандарте "Шум машин. Методы определения шумовых характеристик. Общие требования"; Безопасность жизнедеятельности; № 12

Podrobná bibliografie
Parent link:Безопасность жизнедеятельности: научно-практический и учебно-методический журнал.— , 2001-
№ 12.— 2003.— С. 50-52
Hlavní autor: Козьяков А. Ф.
Jazyk:ruština
Vydáno: 2003
Edice:Стандартизация
Témata:
Médium: Kapitola
KOHA link:https://koha.lib.tpu.ru/cgi-bin/koha/opac-detail.pl?biblionumber=389784

MARC

LEADER 00000naa2a2200000 4500
001 389784
005 20231101063915.0
035 |a (RuTPU)RU\TPU\prd\22310 
090 |a 389784 
100 |a 20040205a2003 k y0rusy50 ca 
101 0 |a rus 
102 |a RU 
200 1 |a О новом межгосударственном стандарте "Шум машин. Методы определения шумовых характеристик. Общие требования"  |f А. Ф. Козьяков 
225 1 |a Стандартизация 
461 1 |0 (RuTPU)RU\TPU\prd\1137  |t Безопасность жизнедеятельности  |o научно-практический и учебно-методический журнал  |d 2001- 
463 1 |0 (RuTPU)RU\TPU\prd\21687  |t № 12  |v С. 50-52  |d 2003 
610 1 |a стандартизация 
610 1 |a общие требования 
610 1 |a международные стандарты 
610 1 |a машины 
610 1 |a шумовые характеристики 
700 1 |a Козьяков  |b А. Ф. 
801 1 |a RU  |b 63413507  |c 20040205  |g PSBO 
942 |c BK